000 00574nam a22001577a 4500
003 OSt
005 20151201095755.0
008 151201b xxu||||| |||| 00| 0 eng d
040 _cRUA
082 _aFIS HOT 2000 B172 Or.1
100 _94054
_aHOT, POLY.
245 _afish deficit areas determination in samrong district takeo province (ការកំណត់តំបន់ខ្សត់ត្រីនៅក្នុងស្រុកសំរោងខេត្តតាកែវ)
260 _aPhnom Penh
_bRUA
_c2000
300 _a42p.
_bill.
_c29cm.
942 _2ddc
_cFIS
999 _c3773
_d3773